[Event "ROM-chT Div-A"]
[Site "Slanic Moldova"]
[Date "2011.10.04"]
[Round "2"]
[White "Turcu, Iulian"]
[Black "Fulop, Francisc"]
[Result "1-0"]
[WhiteElo "2205"]
[BlackElo "2094"]
[PlyCount "63"]
[EventDate "2011.10.03"]
[EventType "team-tourn"]
[EventRounds "9"]
[EventCountry "ROU"]
[SourceTitle "CBM 144 Extra"]
[Source "ChessBase"]
[SourceDate "2011.10.28"]
[SourceVersion "1"]
[SourceVersionDate "2011.10.28"]
[SourceQuality "1"]

1. d4 Nf6 2. Bg5 c5 3. Bxf6 gxf6 4. d5 Qb6 5. Qc1 f5 6. e3 Bg7 7. c3 d6 8. Nd2 Nd7 9. Nc4 Qc7 10. a4 Nf6 11. Qd1 0-0 12. Ne2 Rd8 13. Nf4 e5 14. Nh5 Nxh5 15. Qxh5 Qe7 16. Bd3 e4 17. Bc2 Bd7 18. h3 Qf6 19. g4 b5 20. axb5 Bxb5 21. Nd2 Bd7 22. gxf5 Bxf5 23. Bxe4 Bg6 24. Bxg6 hxg6 25. Qf3 Qe7 26. h4 Rab8 27. Ra2 a5 28. h5 gxh5 29. Qxh5 a4 30. Rxa4 Rxb2 31. Rg4 Rxd2 32. Qh8# 1-0

[Event "Techirghiol op-A"]
[Site "Techirghiol"]
[Date "1998.??.??"]
[Round "?"]
[White "Baidaus, Adrian"]
[Black "Fulop, Francisc"]
[Result "1-0"]
[WhiteElo "1650"]
[BlackElo "2140"]
[PlyCount "71"]
[EventDate "1998.09.??"]
[EventType "swiss"]
[EventRounds "9"]
[EventCountry "ROU"]
[SourceTitle "EXT 2000"]
[Source "ChessBase"]
[SourceDate "1999.11.16"]
[SourceVersion "1"]
[SourceVersionDate "1999.11.16"]
[SourceQuality "1"]

1. Nf3 c5 2. g3 Nc6 3. Bg2 g6 4. d4 cxd4 5. Nxd4 Bg7 6. Nxc6 dxc6 7. Qxd8+ Kxd8 8. 0-0 Kc7 9. f4 f5 10. e4 Bd4+ 11. Kh1 e6 12. Rd1 Bg7 13. e5 Nh6 14. a4 Nf7 15. Na3 Bd7 16. a5 Rhd8 17. Be3 Bf8 18. Nc4 Be7 19. c3 h6 20. b4 g5 21. Bc5 Bxc5 22. bxc5 Be8 23. Nd6 Nxd6 24. cxd6+ Kd7 25. Rdb1 Rab8 26. c4 Bh5 27. Ra2 gxf4 28. gxf4 Rg8 29. Rab2 Kc8 30. Bxc6 Be8 31. Bf3 h5 32. Rxb7 Rxb7 33. Rxb7 h4 34. Rxa7 h3 35. c5 Bb5 36. Ra8+ 1-0